00333nam a22001457a 4500003000400000005001700004008004100021020001500062040000700077082001500084100002000099245004000119260002000159300000800179OSt20211019152638.0211019b |||||||| |||| 00| 0 eng d a0262081776 cHU a300.72/HAB aJurgen Habermas aOn the Logic of the Social Sciences aUSAbhallc1988 a220